[Event "GBR-ch Major 105th"]
[Site "Hull"]
[Date "2018.08.03"]
[Round "7"]
[White "Brewer, Callum D"]
[Black "Ramaiya, Anshu"]
[Result "1/2-1/2"]
[WhiteElo "2064"]
[BlackElo "1846"]
[PlyCount "56"]
[EventDate "2018.07.28"]
[EventType "swiss"]
[EventRounds "9"]
[EventCountry "ENG"]
[SourceTitle "CBM 185 Extra"]
[Source "ChessBase"]
[SourceDate "2018.07.29"]
[SourceVersion "1"]
[SourceVersionDate "2018.07.29"]
[SourceQuality "1"]

1. e4 c5 2. Nf3 Nc6 3. Bb5 g6 4. 0-0 Bg7 5. Re1 Nd4 6. Bc4 d6 7. c3 Nc6 8. d4 cxd4 9. cxd4 Nf6 10. h3 0-0 11. Nc3 e6 12. Bf1 d5 13. e5 Ne8 14. Bf4 a6 15. Qd2 f6 16. Rac1 Bd7 17. g4 fxe5 18. Nxe5 Nxe5 19. dxe5 Bc6 20. Qd4 Qd7 21. Bd3 Nc7 22. Bg3 Rf7 23. f4 Bh6 24. Rf1 Nb5 25. Nxb5 Bxb5 26. Bxb5 axb5 27. g5 Bf8 28. a3 Ra4 1/2-1/2

[Event "GBR-ch Major 105th"]
[Site "Hull"]
[Date "2018.08.02"]
[Round "6"]
[White "Ramaiya, Anshu"]
[Black "Gardiner, Eric D"]
[Result "1-0"]
[WhiteElo "1846"]
[BlackElo "1939"]
[PlyCount "55"]
[EventDate "2018.07.28"]
[EventType "swiss"]
[EventRounds "9"]
[EventCountry "ENG"]
[SourceTitle "CBM 185 Extra"]
[Source "ChessBase"]
[SourceDate "2018.07.29"]
[SourceVersion "1"]
[SourceVersionDate "2018.07.29"]
[SourceQuality "1"]

1. e4 d6 2. Nc3 Nf6 3. f4 Bg4 4. Nf3 e6 5. h3 Bxf3 6. Qxf3 d5 7. g4 Nxe4 8. Nxe4 dxe4 9. Qxe4 c6 10. Bc4 Nd7 11. d3 Qh4+ 12. Ke2 0-0-0 13. Be3 Nb6 14. a4 Nxc4 15. Qxc4 Kb8 16. a5 a6 17. Qb3 c5 18. Qc3 h5 19. g5 Bd6 20. Kf3 f6 21. Rag1 e5 22. fxe5 fxe5 23. Ke2 e4 24. d4 Rhf8 25. dxc5 Bg3 26. c6 Rc8 27. Rxg3 Qxg3 28. Ba7+ 1-0

[Event "GBR-ch 105th Weekend op"]
[Site "Hull"]
[Date "2018.07.28"]
[Round "2"]
[White "Hamilton, Selwyn L"]
[Black "Ramaiya, Anshu"]
[Result "0-1"]
[WhiteElo "1656"]
[BlackElo "1846"]
[PlyCount "26"]
[EventDate "2018.07.27"]
[EventType "swiss"]
[EventRounds "5"]
[EventCountry "ENG"]
[SourceTitle "EXT 2019"]
[Source "ChessBase"]
[SourceDate "2018.10.10"]
[SourceVersion "1"]
[SourceVersionDate "2018.10.10"]
[SourceQuality "1"]

1. g4 d5 2. Bg2 Bxg4 3. Bxd5 Qxd5 4. f3 Bh5 5. Nc3 Qg5 6. d4 Qg2 7. Bf4 Qg6 8. Nb5 Na6 9. Bxc7 Qc6 10. Qd3 Bg6 11. Nd6+ exd6 12. Qe3+ Be7 13. Bxd6 Qxd6 0-1

[Event "GBR-ch Major 105th"]
[Site "Hull"]
[Date "2018.07.28"]
[Round "1"]
[White "Rocco, Federico"]
[Black "Ramaiya, Anshu"]
[Result "1-0"]
[WhiteElo "2140"]
[BlackElo "1846"]
[PlyCount "119"]
[EventDate "2018.07.28"]
[EventType "swiss"]
[EventRounds "9"]
[EventCountry "ENG"]
[SourceTitle "CBM 185 Extra"]
[Source "ChessBase"]
[SourceDate "2018.07.29"]
[SourceVersion "1"]
[SourceVersionDate "2018.07.29"]
[SourceQuality "1"]

1. e4 c5 2. Nf3 Nc6 3. Bb5 g6 4. Bxc6 dxc6 5. d3 Bg7 6. h3 e5 7. Be3 b6 8. Qd2 Qd6 9. Na3 Be6 10. Ng5 0-0-0 11. g4 Ne7 12. Qc3 f6 13. Nxe6 Qxe6 14. Rg1 h5 15. Qb3 Qd7 16. Qf7 Rh7 17. 0-0-0 Rf8 18. Qc4 f5 19. gxf5 gxf5 20. Bg5 Bf6 21. h4 Bxg5+ 22. Rxg5 Kb7 23. Rdg1 Rff7 24. Rxh5 Nc8 25. Rxh7 Rxh7 26. exf5 Qxf5 27. Qe4 Nd6 28. Qxf5 Nxf5 29. Nc4 Rxh4 30. Nxe5 Rh6 31. Rg5 Rf6 32. Rg6 Rf8 33. f4 Nd4 34. c3 Ne2+ 35. Kd2 Nxf4 36. Rg7+ Kc8 37. Rxa7 Rf6 38. Nd7 Rd6 39. Nxb6+ Kb8 40. Rd7 Rh6 41. Ke3 Ng2+ 42. Ke4 Re6+ 43. Kf5 Re2 44. Nc4 Kc8 45. Rh7 Ne3+ 46. Nxe3 Rxe3 47. d4 Re2 48. dxc5 Rxb2 49. Ke5 Rd2 50. c4 Kb8 51. a4 Rd1 52. Ke6 Rd2 53. a5 Rd1 54. a6 Rd2 55. a7+ Ka8 56. Rd7 Re2+ 57. Kd6 Re6+ 58. Kc7 Re4 59. Kb6 Re8 60. Rb7 1-0

[Event "BCF-ch U16"]
[Site "Llandudno"]
[Date "2017.08.04"]
[Round "6"]
[White "Boswell, Jacob Connor"]
[Black "Ramaiya, Anshu"]
[Result "0-1"]
[WhiteElo "1914"]
[BlackElo "1807"]
[PlyCount "104"]
[EventDate "2017.07.30"]
[EventType "swiss"]
[EventRounds "7"]
[EventCountry "WLS"]
[SourceTitle "CBM 179 Extra"]
[Source "ChessBase"]
[SourceDate "2017.08.23"]
[SourceVersion "1"]
[SourceVersionDate "2017.08.23"]
[SourceQuality "1"]

1. d4 f5 2. e4 fxe4 3. Nc3 Nf6 4. Bg5 Nc6 5. d5 Ne5 6. Qd4 Nf7 7. Bxf6 exf6 8. Qxe4+ Qe7 9. 0-0-0 Qxe4 10. Nxe4 Be7 11. Nf3 0-0 12. Bc4 d6 13. Nd4 Ne5 14. Bb3 a6 15. f4 Ng4 16. Rde1 f5 17. Nc5 Bh4 18. Nce6 Bxe1 19. Nxf8 Kxf8 20. Rxe1 Bd7 21. h3 Nf6 22. Ne6+ Bxe6 23. Rxe6 Nh5 24. Re3 Nxf4 25. Rf3 Nxg2 26. Rxf5+ Kg8 27. Rf2 Nh4 28. Rf4 Ng6 29. Rc4 Rc8 30. Kd2 Ne5 31. Rf4 Rf8 32. Ke3 Rxf4 33. Kxf4 Kf7 34. Ke4 Kf6 35. c3 Kg5 36. Bc2 g6 37. b3 Kh4 38. Kf4 h6 39. c4 Kxh3 40. c5 Kg2 41. Be4+ Kf2 42. a4 b6 43. cxd6 cxd6 44. b4 Ke2 45. b5 axb5 46. axb5 g5+ 47. Kf5 g4 48. Ke6 Nc4 49. Kf5 g3 50. Kg4 Kf2 51. Kh3 Ne3 52. Bh1 g2 0-1

[Event "BCF-ch U16"]
[Site "Llandudno"]
[Date "2017.08.03"]
[Round "5"]
[White "Ramaiya, Anshu"]
[Black "Samworth Calvier, Juju"]
[Result "1-0"]
[WhiteElo "1807"]
[BlackElo "1594"]
[PlyCount "67"]
[EventDate "2017.07.30"]
[EventType "swiss"]
[EventRounds "7"]
[EventCountry "WLS"]
[SourceTitle "CBM 179 Extra"]
[Source "ChessBase"]
[SourceDate "2017.08.23"]
[SourceVersion "1"]
[SourceVersionDate "2017.08.23"]
[SourceQuality "1"]

1. e4 e6 2. d4 d5 3. Nd2 Nf6 4. e5 Nfd7 5. c3 c5 6. Bd3 Nc6 7. Ne2 cxd4 8. cxd4 f6 9. exf6 Nxf6 10. 0-0 Bd6 11. Nf3 Qc7 12. Bg5 0-0 13. Bh4 Nh5 14. Qc2 h6 15. Bh7+ Kh8 16. Bg6 Nf4 17. Nxf4 Rxf4 18. Bg3 Rxf3 19. gxf3 Bxg3 20. fxg3 Qb6 21. Qc5 Bd7 22. Qxb6 axb6 23. Rfd1 Ra4 24. Rac1 Kg8 25. a3 Kf8 26. Kf2 Rxd4 27. Rxd4 Nxd4 28. Rc7 Bc6 29. Ke3 Nf5+ 30. Bxf5 exf5 31. Kd4 g6 32. Ke5 Kg8 33. f4 b5 34. Kf6 1-0

[Event "BCF-ch U16"]
[Site "Llandudno"]
[Date "2017.07.30"]
[Round "1"]
[White "Smith, Rachel Lorna"]
[Black "Ramaiya, Anshu"]
[Result "1/2-1/2"]
[WhiteElo "1529"]
[BlackElo "1807"]
[PlyCount "61"]
[EventDate "2017.07.30"]
[EventType "swiss"]
[EventRounds "7"]
[EventCountry "WLS"]
[SourceTitle "CBM 179 Extra"]
[Source "ChessBase"]
[SourceDate "2017.08.23"]
[SourceVersion "1"]
[SourceVersionDate "2017.08.23"]
[SourceQuality "1"]

1. Nf3 f5 2. c4 Nf6 3. Nc3 d6 4. g3 g6 5. Bg2 Bg7 6. d3 c6 7. 0-0 0-0 8. Rb1 e5 9. Bd2 h6 10. Qc1 Kh7 11. b4 Be6 12. Rd1 Nbd7 13. a4 d5 14. cxd5 cxd5 15. e3 Bf7 16. Ne1 Rc8 17. Qa3 e4 18. Nb5 Qb6 19. Nd4 Ng4 20. Bc3 Nge5 21. a5 Qd6 22. Rbc1 Qe7 23. Qb2 Rg8 24. Bf1 h5 25. Be2 h4 26. Ng2 hxg3 27. hxg3 Bf6 28. dxe4 dxe4 29. Nf4 Nc4 30. Qa1 Bxd4 31. Rxd4 1/2-1/2

[Event "BCF-ch U16"]
[Site "Bournemouth"]
[Date "2016.07.26"]
[Round "3"]
[White "Camp, Imogen AL"]
[Black "Ramaiya, Anshu"]
[Result "1-0"]
[WhiteElo "1726"]
[BlackElo "1714"]
[PlyCount "113"]
[EventDate "2016.07.24"]
[EventType "swiss"]
[EventRounds "7"]
[EventCountry "ENG"]
[SourceTitle "EXT 2017"]
[Source "ChessBase"]
[SourceDate "2016.10.25"]
[SourceVersion "1"]
[SourceVersionDate "2016.10.25"]
[SourceQuality "1"]

1. d4 f5 2. Bg5 h6 3. Bh4 g5 4. e3 Nf6 5. Bg3 e6 6. c4 d6 7. Nc3 Nc6 8. Be2 Bd7 9. Nf3 Qe7 10. h3 a6 11. Qc2 Bg7 12. a3 0-0 13. 0-0 Nh7 14. d5 Nd8 15. dxe6 Nxe6 16. Rad1 Bc6 17. Nd5 Qd7 18. b4 Ba4 19. Ne7+ Kf7 20. Qxf5+ Kxe7 21. Qxh7 Bxd1 22. Rxd1 Rh8 23. Qe4 Qc6 24. Qg6 a5 25. Nd4 Bxd4 26. exd4 Qe8 27. Qe4 Kd7 28. Bg4 h5 29. Bf5 h4 30. Bh2 Kd8 31. Qxe6 Qxe6 32. Bxe6 Re8 33. d5 axb4 34. axb4 Ra4 35. Rb1 Ke7 36. f4 Kf6 37. Bd7 Raa8 38. Bxe8 Rxe8 39. Kf2 gxf4 40. Bxf4 Re4 41. Be3 Rxc4 42. b5 Ke5 43. b6 Ke4 44. Rb2 cxb6 45. Bxb6 Kxd5 46. Bd8 Kc6 47. Rb6+ Kd7 48. Bg5 Kc7 49. Rb1 d5 50. Rc1 b5 51. Rxc4+ dxc4 52. Ke3 Kb6 53. Bxh4 c3 54. Kd3 b4 55. Kc2 Ka5 56. Bf6 Ka4 57. Bxc3 1-0

[Event "BCF-ch U16"]
[Site "Bournemouth"]
[Date "2016.07.25"]
[Round "2"]
[White "Ramaiya, Anshu"]
[Black "Warr Esser, Alexandre"]
[Result "1/2-1/2"]
[WhiteElo "1714"]
[BlackElo "2004"]
[PlyCount "72"]
[EventDate "2016.07.24"]
[EventType "swiss"]
[EventRounds "7"]
[EventCountry "ENG"]
[SourceTitle "EXT 2017"]
[Source "ChessBase"]
[SourceDate "2016.10.25"]
[SourceVersion "1"]
[SourceVersionDate "2016.10.25"]
[SourceQuality "1"]

1. e4 e6 2. d4 d5 3. Nd2 Nf6 4. e5 Nfd7 5. Bd3 c5 6. c3 Nc6 7. Ne2 cxd4 8. cxd4 f6 9. exf6 Nxf6 10. Nf3 Bd6 11. 0-0 Qc7 12. Ng3 0-0 13. Bg5 h6 14. Bxf6 Rxf6 15. Rc1 Bd7 16. Nh5 Rff8 17. Bb1 Be8 18. Ng3 Rf6 19. Re1 g6 20. a3 Qg7 21. Rc3 Bd7 22. Rce3 Raf8 23. b4 a6 24. R3e2 Rf4 25. Qc2 Nxd4 26. Nxd4 Rxd4 27. Qxg6 Qxg6 28. Bxg6 e5 29. f3 Kg7 30. Bb1 Rf6 31. Nh1 Bf5 32. Bxf5 Rxf5 33. Nf2 h5 34. Rc2 Rf8 35. g3 Rb8 36. Kg2 Rc4 1/2-1/2

[Event "EU School-ch U15"]
[Site "Kallithea"]
[Date "2016.06.17"]
[Round "1"]
[White "Dedebas, Emre Emin"]
[Black "Ramaiya, Anshu"]
[Result "1-0"]
[WhiteElo "2081"]
[BlackElo "1699"]
[PlyCount "79"]
[EventDate "2016.06.17"]
[EventType "swiss"]
[EventRounds "9"]
[EventCountry "GRE"]
[SourceTitle "EXT 2017"]
[Source "ChessBase"]
[SourceDate "2016.10.25"]
[SourceVersion "1"]
[SourceVersionDate "2016.10.25"]
[SourceQuality "1"]

1. d4 f5 2. g3 Nf6 3. Bg2 g6 4. Nf3 Bg7 5. 0-0 0-0 6. Nbd2 c6 7. Re1 d5 8. c4 Ne4 9. b3 a5 10. Bb2 a4 11. bxa4 Qa5 12. cxd5 cxd5 13. Nb3 Qxa4 14. Ne5 Nd7 15. Qd3 b6 16. Rec1 e6 17. Rc7 Bxe5 18. dxe5 Ba6 19. Qe3 Nec5 20. Nxc5 bxc5 21. Qb3 Bb5 22. Bxd5 exd5 23. Qxd5+ Kg7 24. e6+ Kh6 25. Qd2+ g5 26. exd7 Qa6 27. h4 f4 28. hxg5+ Kxg5 29. Rxc5+ Kg6 30. Qd5 Bxe2 31. Rc6+ Qxc6 32. Qxc6+ Kg5 33. gxf4+ Kg4 34. Qe6+ Kf3 35. Qe3+ Kg4 36. Qxe2+ Kf5 37. Qe5+ Kg4 38. Kh2 Ra4 39. Rg1+ Kh4 40. Qg5# 1-0

[Event "London Weekend U1800 7th"]
[Site "London"]
[Date "2015.12.04"]
[Round "1.20"]
[White "Ramaiya, Anshu"]
[Black "Gaudeau, Alain"]
[Result "1-0"]
[WhiteElo "1700"]
[BlackElo "1437"]
[PlyCount "69"]
[EventDate "2015.12.04"]
[EventType "swiss"]
[EventRounds "5"]
[EventCountry "ENG"]
[SourceTitle "EXT 2023"]
[Source "ChessBase"]
[SourceDate "2022.10.05"]
[SourceVersion "1"]
[SourceVersionDate "2022.10.05"]
[SourceQuality "1"]

1. e4 c6 2. Nc3 d5 3. Nf3 e6 4. d4 dxe4 5. Nxe4 Nd7 6. Bd3 Ngf6 7. Nxf6+ Nxf6 8. 0-0 Be7 9. c3 0-0 10. Bc2 Re8 11. Qd3 g6 12. h3 Qc7 13. Re1 Nd5 14. h4 f5 15. g3 Nf6 16. Ne5 Bd6 17. Bb3 Bxe5 18. Rxe5 Ng4 19. Re2 a5 20. a4 Qb6 21. Ba2 Bd7 22. f3 Nf6 23. Kg2 Nd5 24. Bg5 Rf8 25. Rae1 Rae8 26. Qd2 Qc7 27. h5 Qc8 28. hxg6 hxg6 29. Rh1 Rf7 30. Ree1 Qc7 31. Bxd5 cxd5 32. Bf4 Qc4 33. Be5 Kf8 34. Rh8+ Ke7 35. Qg5+ 1-0

[Event "BCF-ch U14"]
[Site "Coventry"]
[Date "2015.08.07"]
[Round "7"]
[White "Ramaiya, Anshu"]
[Black "Golding, James"]
[Result "1-0"]
[WhiteElo "1774"]
[BlackElo "1811"]
[PlyCount "101"]
[EventDate "2015.08.02"]
[EventType "swiss"]
[EventRounds "7"]
[EventCountry "ENG"]
[SourceTitle "CBM 167 Extra"]
[Source "ChessBase"]
[SourceDate "2015.09.14"]
[SourceVersion "1"]
[SourceVersionDate "2015.09.14"]
[SourceQuality "1"]

1. e4 e5 2. Nf3 Nc6 3. Bb5 a6 4. Ba4 Nf6 5. 0-0 b5 6. Bb3 Bc5 7. c3 d6 8. d4 Bb6 9. a4 Rb8 10. axb5 axb5 11. Qd3 Bd7 12. Na3 0-0 13. h3 h6 14. Re1 Qe8 15. Bd2 b4 16. Nc4 bxc3 17. bxc3 exd4 18. Nxb6 Rxb6 19. cxd4 Qb8 20. Bc2 Nb4 21. Bxb4 Rxb4 22. e5 dxe5 23. dxe5 Bb5 24. Qd2 Nd5 25. Qxd5 Rd8 26. Qa2 Bc6 27. Bd1 Qb6 28. Qe2 Rb2 29. Qe3 Qb4 30. Be2 Rb3 31. Qc1 Rc3 32. Qb1 Qf4 33. Qb2 Rxf3 34. Bxf3 Bxf3 35. gxf3 Qg5+ 36. Kf1 Qf5 37. Red1 Qxh3+ 38. Ke2 Re8 39. Qd4 Qf5 40. f4 Qg4+ 41. Ke3 Qh3+ 42. f3 f6 43. Qd5+ Kh7 44. Qe4+ g6 45. Ra7 Re7 46. Rc1 fxe5 47. fxe5 Qe6 48. Rc6 Qb3+ 49. Kf2 Qb2+ 50. Kg3 Qb8 51. Rxg6 1-0

[Event "BCF-ch U14"]
[Site "Coventry"]
[Date "2015.08.03"]
[Round "3"]
[White "Brown, Tom"]
[Black "Ramaiya, Anshu"]
[Result "0-1"]
[WhiteElo "1480"]
[BlackElo "1774"]
[PlyCount "106"]
[EventDate "2015.08.02"]
[EventType "swiss"]
[EventRounds "7"]
[EventCountry "ENG"]
[SourceTitle "CBM 167 Extra"]
[Source "ChessBase"]
[SourceDate "2015.09.14"]
[SourceVersion "1"]
[SourceVersionDate "2015.09.14"]
[SourceQuality "1"]

1. d4 f5 2. g3 g6 3. Bg2 Nf6 4. c4 Bg7 5. Nc3 d6 6. Nf3 c6 7. 0-0 Qc7 8. Qc2 e5 9. dxe5 dxe5 10. e4 f4 11. Ne2 Nh5 12. b3 0-0 13. Bb2 Bg4 14. Rad1 Na6 15. a3 Nc5 16. Nc3 a5 17. b4 axb4 18. axb4 Ne6 19. Ne2 fxg3 20. fxg3 Bxf3 21. Bxf3 Qb6+ 22. Kg2 Qxb4 23. Bxh5 gxh5 24. Rxf8+ Qxf8 25. Rf1 Qb4 26. Nc1 Rf8 27. Nd3 Qd6 28. Rxf8+ Nxf8 29. c5 Qe7 30. Qe2 h4 31. Qg4 Qd7 32. Qxd7 Nxd7 33. gxh4 Kf7 34. Kf3 Bf6 35. h5 Ke6 36. Kg4 Be7 37. Ba3 Nf6+ 38. Kg5 Nxe4+ 39. Kh6 Nf6 40. Bb2 Bf8+ 41. Kg5 Ne4+ 42. Kg4 Nf6+ 43. Kg5 Nd7 44. h3 Bg7 45. Bc3 Kf7 46. Kf5 e4 47. Bxg7 exd3 48. Bc3 Nxc5 49. Kg5 Ne4+ 50. Kh6 Nxc3 51. h4 d2 52. Kxh7 d1Q 53. h6 Qg4 0-1

[Event "BCF-ch U14"]
[Site "Coventry"]
[Date "2015.08.02"]
[Round "2"]
[White "Ramaiya, Anshu"]
[Black "Reed, Liam"]
[Result "1-0"]
[WhiteElo "1774"]
[BlackElo "1505"]
[PlyCount "71"]
[EventDate "2015.08.02"]
[EventType "swiss"]
[EventRounds "7"]
[EventCountry "ENG"]
[SourceTitle "CBM 167 Extra"]
[Source "ChessBase"]
[SourceDate "2015.09.14"]
[SourceVersion "1"]
[SourceVersionDate "2015.09.14"]
[SourceQuality "1"]

1. e4 d6 2. Nc3 Nf6 3. f4 c6 4. Nf3 g6 5. d4 Bg7 6. Bd3 0-0 7. 0-0 b5 8. Qe1 Ng4 9. h3 Nh6 10. Qg3 f5 11. e5 Qb6 12. Kh1 Nf7 13. Qe1 Qc7 14. Nd1 dxe5 15. dxe5 e6 16. c4 Ba6 17. c5 Nd7 18. b4 Bb7 19. Bc2 g5 20. g3 a5 21. Nd4 Rfe8 22. Bb3 Nf8 23. bxa5 Rxa5 24. Be3 gxf4 25. gxf4 Raa8 26. Rg1 Rad8 27. Nc3 Bc8 28. Nce2 Ng6 29. Qf2 Bd7 30. h4 Nh6 31. Qg3 Ng4 32. Nxf5 N4xe5 33. Nxg7 Kxg7 34. fxe5 Kh8 35. h5 Qxe5 36. Bd4 1-0

[Event "BCF-chT3S 1415 (4NCL)"]
[Site "England"]
[Date "2014.11.16"]
[Round "2.227"]
[White "Ramaiya, Anshu"]
[Black "Roberts, Nick W"]
[Result "1/2-1/2"]
[WhiteElo "1716"]
[BlackElo "1968"]
[PlyCount "47"]
[EventDate "2014.11.15"]
[EventType "team-swiss"]
[EventRounds "6"]
[EventCountry "ENG"]
[SourceTitle "CBM 163 Extra"]
[Source "ChessBase"]
[SourceDate "2014.12.23"]
[SourceVersion "1"]
[SourceVersionDate "2014.12.23"]
[SourceQuality "1"]
[WhiteTeam "Check Us Out"]
[BlackTeam "Warwicks Select II"]
[WhiteTeamCountry "ENG"]
[BlackTeamCountry "ENG"]

1. e4 c5 2. Nc3 Nc6 3. f4 d6 4. Bc4 e6 5. a3 Nf6 6. d3 Be7 7. Nf3 d5 8. Ba2 dxe4 9. dxe4 Qxd1+ 10. Kxd1 0-0 11. e5 Rd8+ 12. Ke2 Nd5 13. Bd2 Nxc3+ 14. Bxc3 b5 15. Rad1 Ba6 16. Kf2 Bb7 17. Rhe1 a5 18. Bd2 Rd7 19. Be3 Rad8 20. Rxd7 Rxd7 21. c3 a4 22. g3 Na5 23. Nd2 g6 24. Bb1 1/2-1/2